| 000 | 00000cam 2200000zi 4500 |
| 001 | 9.851473 |
| 003 | CaOODSP |
| 005 | 20260506100644 |
| 006 | m o d f |
| 007 | cr ||||||||||| |
| 008 | 180209s1975 onc o f000 0 eng d |
| 040 | |aCaOODSP|beng|erda|cCaOODSP |
| 043 | |an-cn--- |
| 086 | 1 |aR32-410/1975E-PDF |
| 245 | 00|aIndian land surrenders : |bprairie provinces. |
| 246 | 35|aAnalysis and categorization of major reserve land surrenders in the prairie provinces |
| 264 | 1|a[Ottawa] : |b[Office of Claims Negotiation, Indian and Northern Affairs], |c1975. |
| 300 | |a1 online resource (1 volume in various pagings) |
| 336 | |atext|btxt|2rdacontent |
| 337 | |acomputer|bc|2rdamedia |
| 338 | |aonline resource|bcr|2rdacarrier |
| 500 | |aDigitized edition from print [produced by Indigenous and Northern Affairs Canada]. |
| 500 | |a"Claims and Historical Research : D.46" -- on cover. |
| 520 | |aThis file contains information relating to Indian land surrenders in the Prairie Provinces. A research proposal is detailed and a list of major land surrenders in the fertile belt from 1897-1928 is included. |
| 650 | 0|aIndigenous peoples|zCanada|xGovernment relations. |
| 650 | 6|aAutochtones|zCanada|xRelations avec l'État. |
| 651 | 0|aCanada. |
| 710 | 1 |aCanada. |bIndian and Northern Affairs Canada, |eissuing body. |
| 856 | 40|qPDF|s1111 KB|uhttps://publications.gc.ca/collections/collection_2026/rcaanc-cirnac/R32-410-1975-eng.pdf |